000 00729nam0a22002291 4500
001 rc\2974531
005 20250530001823.0
035 _a(NLR Aleph) 007120302
090 _a6856048
_c6856048
100 _a20110908d1938 |||y0rusy50 ca
101 0 _arus
102 _aRU
105 _ay z |||||
200 1 _aНа страже родины
_eСтихи и песни о Красной Армии
_fХуд. оформление Ю.Д. Скалдин
210 _aЛенинград
_cГослитиздат
_d1938
_gтип. "Печатня"
215 _a136 с.
_d17 см
702 1 _aСкалдин
_bЮ.Д.
_4570
801 0 _aRU
_bNLR
_gpsbo
801 1 _aRU
_bELAR
_2rusmarc
852 _aNLR
_j38-2/23
942 _cBOOK
980 _aNB